| 000 | 00579nam a2200205Ia 4500 | ||
|---|---|---|---|
| 003 | OSt | ||
| 005 | 20250303091320.0 | ||
| 008 | 210210b1970 xxu||||| |||| 00| 0 eng d | ||
| 040 | _cAL | ||
| 041 | _ahin | ||
| 082 | _aH891.4 ROYK | ||
| 100 |
_aROY (Archi I): _9203275 |
||
| 110 |
_bरॉय अर्चि १ _9203276 |
||
| 245 |
_aKagol vijnan ke mahan kshan: _bखगोल विज्ञान के महान क्षण |
||
| 260 |
_aDilli _bCspital Book House _c1970 |
||
| 300 | _a136 | ||
| 690 |
_aHindi Prose _9203277 |
||
| 906 | _a029292 | ||
| 942 |
_2ddc _cBK |
||
| 999 |
_c80513 _d80513 |
||